Advanced concrete technology / (Record no. 11677)
[ view plain ]
| 000 -LEADER | |
|---|---|
| fixed length control field | 01334cam a22003495a 4500 |
| 001 - CONTROL NUMBER | |
| control field | 13173261 |
| 005 - DATE AND TIME OF LATEST TRANSACTION | |
| control field | 20150916121221.0 |
| 008 - FIXED-LENGTH DATA ELEMENTS--GENERAL INFORMATION | |
| fixed length control field | 030423t2003 enka frb f001 0 eng |
| 010 ## - LIBRARY OF CONGRESS CONTROL NUMBER | |
| LC control number | 2003050336 |
| 020 ## - INTERNATIONAL STANDARD BOOK NUMBER | |
| International Standard Book Number | 0750651059 |
| 020 ## - INTERNATIONAL STANDARD BOOK NUMBER | |
| International Standard Book Number | 9780750651059 |
| 040 ## - CATALOGING SOURCE | |
| Original cataloging agency | DLC |
| Language of cataloging | eng |
| Transcribing agency | DLC |
| Modifying agency | EG-ScBUE |
| 042 ## - AUTHENTICATION CODE | |
| Authentication code | pcc |
| 082 00 - DEWEY DECIMAL CLASSIFICATION NUMBER | |
| Classification number | 620.136 |
| Item number | ADV |
| Edition number | 22 |
| 245 00 - TITLE STATEMENT | |
| Title | Advanced concrete technology / |
| Statement of responsibility, etc | edited by John Newman, Ban Seng Choo. |
| 260 ## - PUBLICATION, DISTRIBUTION, ETC. (IMPRINT) | |
| Place of publication, distribution, etc | Oxford: |
| Name of publisher, distributor, etc | Butterworth-Heinemann / Elsevier , |
| Date of publication, distribution, etc | c.2003. |
| 300 ## - PHYSICAL DESCRIPTION | |
| Extent | xxvii,1 v. (various pagings) : |
| Other physical details | ill. ; |
| Dimensions | 25 cm. |
| 500 ## - GENERAL NOTE | |
| General note | Index : p. 1/1 - 1/21. |
| 504 ## - BIBLIOGRAPHY, ETC. NOTE | |
| Bibliography, etc | Includes bibliographical references . |
| 505 0# - FORMATTED CONTENTS NOTE | |
| Formatted contents note | v. 2. Concrete Properties -- v. 4. Testing and Quality -- v. 3 .. Processes -- v. 1. Constituent Materials. |
| 590 ## - LOCAL NOTE (RLIN) | |
| Local note | Mohamed Hussein<br/>Reviewed by; Wessam |
| 650 #0 - SUBJECT ADDED ENTRY--TOPICAL TERM | |
| Topical term or geographic name as entry element | Concrete. |
| 9 (RLIN) | 5564 |
| Source of heading or term | BUEsh |
| 650 #0 - SUBJECT ADDED ENTRY--TOPICAL TERM | |
| Topical term or geographic name as entry element | Concrete construction. |
| 9 (RLIN) | 5565 |
| Source of heading or term | BUEsh |
| 651 ## - SUBJECT ADDED ENTRY--GEOGRAPHIC NAME | |
| Source of heading or term | BUEsh |
| 653 ## - INDEX TERM--UNCONTROLLED | |
| Resource For college | Engineering, Civil |
| 655 ## - INDEX TERM--GENRE/FORM | |
| Form subdivision | Reading book |
| -- | 34232 |
| 700 1# - ADDED ENTRY--PERSONAL NAME | |
| Personal name | Newman, John |
| Fuller form of name | (John Brian), |
| Dates associated with a name | 1938- |
| 9 (RLIN) | 5566 |
| Relator term | editor. |
| 700 1# - ADDED ENTRY--PERSONAL NAME | |
| Personal name | Choo, Ban Seng |
| 9 (RLIN) | 5567 |
| Relator term | editor. |
| 856 42 - ELECTRONIC LOCATION AND ACCESS | |
| Materials specified | Publisher description |
| Uniform Resource Identifier | <a href="http://www.loc.gov/catdir/description/els031/2003050336.html">http://www.loc.gov/catdir/description/els031/2003050336.html</a> |
| 856 41 - ELECTRONIC LOCATION AND ACCESS | |
| Materials specified | Table of contents |
| Uniform Resource Identifier | <a href="http://www.loc.gov/catdir/toc/els031/2003050336.html">http://www.loc.gov/catdir/toc/els031/2003050336.html</a> |
| 942 ## - ADDED ENTRY ELEMENTS (KOHA) | |
| Source of classification or shelving scheme | Dewey Decimal Classification |
| Item type | Book - Borrowing |
| Call number prefix | 620.136 ADV |
| Withdrawn status | Item status | Source of classification or shelving scheme | Damaged status | Not for loan | Vendor | Home library | Current library | Shelving location | Date acquired | Source of acquisition | Serial Enumeration / chronology | Total Checkouts | Full call number | Barcode | Date last seen | Date last borrowed | Koha item type | Public note | Total Renewals | Cost, normal purchase price |
|---|---|---|---|---|---|---|---|---|---|---|---|---|---|---|---|---|---|---|---|---|
| Dewey Decimal Classification | Alahram | Central Library | Central Library | First floor | 16/09/2015 | Purchase | 360 | 1 | 620.136 ADV | 000016406 | 15/07/2025 | 19/10/2010 | Book - Borrowing | Volume 2 | ||||||
| Dewey Decimal Classification | Alahram | Central Library | Central Library | First floor | 14/09/2015 | 360 | 1 | 620.136 ADV | 000016407 | 15/07/2025 | 22/11/2010 | Book - Borrowing | Volume 4 | |||||||
| Dewey Decimal Classification | Alahram | Central Library | Central Library | First floor | 16/09/2015 | Purchase | 360 | 1 | 620.136 ADV | 000016408 | 15/07/2025 | 19/10/2010 | Book - Borrowing | Volume 3 | 4 | |||||
| Dewey Decimal Classification | Alahram | Central Library | Central Library | First floor | 16/09/2015 | Purchase | 360 | 620.136 ADV | 000016411 | 15/07/2025 | Book - Borrowing | Volume 1 | 548.45 |